Potulky svetom [výberová bibliografia]

Bibliographic Details
Other Authors: Mičáková, Nadežda, 1955- (Compiler)
Format: Software eBook
Language:Slovak
Czech
PhysicalDescription:1 elektronický optický disk (CD-ROM) fareb. 12 cm
Published: Svidník Podduklianska knižnica 2011
ISBN:9788085147452
Subjects:

MARC

LEADER 00000nam a2200000 a 4500
001 vtls010279055
003 SK-MaSNL
005 20260426005414.0
007 co cgu uuuuu
008 110517s2011 xo s 001 0 slo
015 |a SNBSAB2010-00054 
020 |a 9788085147452 
040 |a SNK  |b slo  |c SNK  |e AACR2 
041 0 |a slo  |a cze 
043 |a x------ 
044 |a xo  |c SK 
072 7 |a 82-9  |x Literárna kritika, vecná literatúra a rôzne ďalšie žánre  |2 konspekt 
072 7 |a 91  |x Geografia ako veda. Výskum. Cestovanie  |2 konspekt 
080 |a 82-992(100)  |2 2001 
080 |a 016  |2 2001 
080 |a (0.034.44)  |2 2001 
080 |a 910.4(100)  |2 2001 
100 1 |a Mičáková, Nadežda,  |d 1955-  |4 com  |9 13264 
245 1 0 |a Potulky svetom  |h elektronický zdroj  |b [výberová bibliografia]  |c [zostavila Nadežda Mičáková ; zodp. red. Kamil Beňko] 
260 |a Svidník  |b Podduklianska knižnica  |c 2011 
300 |a 1 elektronický optický disk (CD-ROM)  |b fareb.  |c 12 cm 
366 |e 25 výtl. 
500 |a Názov z disku 
504 |a Usporiadanie chronolog. 141 zázn. publikácii vydaných od roku 1954 do roku 2007 v slovenčine a češtine. Jednotlivé záznamy obsahujú krátku anotáciu. Obsahuje autorský, zemepisný a názvový register 
648 7 |a 1954-2007  |2 SNKPH  |9 652655 
650 0 7 |a cestovanie  |2 SNKPH  |9 18846 
650 0 7 |a cestopisy  |2 SNKPH  |9 186227 
655 7 |a elektronické zdroje  |2 SNKPH  |9 90954 
655 7 |a CD-ROM  |2 SNKPH  |9 70236 
655 7 |a výberové bibliografie  |2 SNKPH  |9 70561 
700 1 |a Beňko, Kamil,  |d 1976-  |4 lso  |9 131572 
710 2 |a Podduklianska knižnica (Svidník, Slovensko)  |4 pbl  |9 33813 
919 |a 978-80-85147-45-2 
958 |a SF 
999 |c 1007307  |d 1009237 
952 |a SNK  |b SNK  |y PREZ  |7 0  |p 17A0702818  |o snkSCDM 3819  |i snk2011/11286  |8 0  |0 0  |1 0  |4 0  |d 2011-05-17  |l 0  |r 2026-02-24 12:40:21  |w 2026-02-24